Návrh riešenia na zlepšenie riadenia projektov v podniku Altcam Slovakia s.r.o., s využitím agilných a hybridných prístupov riadenia projektov

Na minha lista:
Detalhes bibliográficos
Autor principal: Vavřín, Matúš (Author)
Outros Autores: Samáková, Jana (Thesis advisor)
Formato: Manuscrito Livro
Idioma:eslovaco
Publicado em: 2025
Assuntos:
Acesso em linha:http://is.stuba.sk/zp/portal_zp.pl?podrobnosti=183784
Tags: Adicionar Tag
Sem tags, seja o primeiro a adicionar uma tag!

MARC

LEADER 00000ntm a22000003a 4500
001 stuzp104288
003 SK-STU
005 20250614212901.5
007 ta
008 150427s2015----xo-----f-mn---000-0-slo-d
040 |a STU  |b slo 
041 0 |a slo 
100 1 |a Vavřín, Matúš  |u 064000  |4 aut  |U MTF Materiálovotechnologická fakulta  |T MTF Ústav priemyselného inžinierstva a manažmentu  |X 112474  |U M4000  |Y 84  |7 112474 
242 0 1 |a Proposal of a solution to improve project management in the company Altcam Slovakia s.r.o., using agile and hybrid project management approaches  |y eng 
245 1 0 |a Návrh riešenia na zlepšenie riadenia projektov v podniku Altcam Slovakia s.r.o., s využitím agilných a hybridných prístupov riadenia projektov 
260 |c 2025 
650 4 |a Sprint  |2 eng 
650 4 |a KPI  |2 eng 
650 4 |a Hybrid project management  |2 eng 
650 4 |a Agile methods  |2 eng 
650 4 |a Project management  |2 eng 
650 4 |a Task visualization  |2 eng 
650 4 |a Kanban  |2 eng 
650 4 |a Vizualizácia úloh  |2 slo 
650 4 |a Šprint  |2 slo 
650 4 |a KPI  |2 slo 
650 4 |a Kanban  |2 slo 
650 4 |a Hybridné riadenie projektov  |2 slo 
650 4 |a Agilné metódy  |2 slo 
650 4 |a Projektové riadenie  |2 slo 
700 1 |a Samáková, Jana  |u 064000  |k Z1  |4 ths  |U MTF Materiálovotechnologická fakulta  |T MTF Ústav priemyselného inžinierstva a manažmentu  |X 33101  |U M4000  |Y 84  |7 A000033101 
856 4 |u http://is.stuba.sk/zp/portal_zp.pl?podrobnosti=183784 
996 |c M* DP-15669  |l MMSKP  |s P  |a 0  |w stuzp104288_0001